| 000 | 00533nam a2200217Ia 4500 | ||
|---|---|---|---|
| 003 | 0100 | ||
| 005 | 20150429020004.0 | ||
| 008 | 130303s9999 xx 000 0 und d | ||
| 020 | _a8172730438 | ||
| 040 | _cARRUPELIB | ||
| 050 | _aRA644 .A25 S64 2001 | ||
| 100 |
_aSingh, S.P _98263 |
||
| 245 | _aSex education | ||
| 245 | _bAIDS and sexuality | ||
| 260 | _aDehli | ||
| 260 | _bAuthors Press | ||
| 300 | _a265 p. | ||
| 650 |
_aAIDS _xEducation and awareness _98264 |
||
| 700 |
_aS.P. Singh _98265 |
||
| 942 |
_2lcc _cMONOGRAPH _01 |
||
| 999 |
_c7496 _d7496 |
||